[Event "Turkish Cup 2016"]
[Site "Manavgat TUR"]
[Date "2016.02.02"]
[Round "6.28"]
[White "Mecit, Emre"]
[Black "Dalgar, Hakki Berat"]
[Result "0-1"]
[BlackTitle "CM"]
[WhiteElo "2092"]
[BlackElo "1982"]
[WhiteTeam "YALOVA"]
[BlackTeam "KARAMAN"]
[WhiteFideId "6304214"]
[BlackFideId "6347444"]
[EventDate "2016.01.30"]

1. e4 c6 2. d4 d5 3. exd5 cxd5 4. c4 Nf6 5. Nc3 Nc6 6. Nf3 Be6 7. c5 g6 8. Bb5
Bg7 9. Ne5 Bd7 10. Nxd7 Qxd7 11. O-O O-O 12. Re1 Rfd8 13. Qa4 Qc7 14. g3 e5 15.
Bxc6 bxc6 16. Rxe5 Ne4 17. Rxe4 dxe4 18. Bf4 Qb7 19. Rd1 Qxb2 20. Nxe4 Rxd4 21.
Rxd4 Bxd4 22. Qxc6 Rd8 23. Bg5 Rb8 24. Bf6 Bxf6 25. Nxf6+ Kg7 26. Nd7 Re8 27.
Kg2 Qd4 28. Nf6 Re5 29. Ne8+ Kf8 30. Nf6 Kg7 31. Ne8+ Kh6 32. Nd6 Qd5+ 33. Qxd5
Rxd5 34. Nb7 Rd7 35. c6 Rd2 36. a4 Rc2 37. Nd8 Kg7 38. Kf3 Kf8 39. Ke4 Ke7 40.
Nb7 Rxc6 41. Kd5 Rc2 42. Na5 Rxf2 43. Nc6+ Kd7 44. Nxa7 Ra2 45. Nc6 Rxa4 0-1

[Event "Turkish Cup 2016"]
[Site "Manavgat TUR"]
[Date "2016.02.02"]
[Round "6.29"]
[White "Demir, Bilal"]
[Black "Kilic, Cihan"]
[Result "1-0"]
[WhiteElo "2132"]
[BlackElo "1912"]
[WhiteTeam "BURDUR"]
[BlackTeam "SIIRT"]
[WhiteFideId "4662369"]
[BlackFideId "34557237"]
[EventDate "2016.01.30"]

1. e4 e6 2. d4 d5 3. Nd2 Nf6 4. e5 Nfd7 5. Bd3 c5 6. c3 Nc6 7. Ne2 Qb6 8. Nf3
Be7 9. O-O f6 10. Nf4 Ndxe5 11. dxe5 fxe5 12. Nh5 g6 13. Ng3 e4 14. Nxe4 dxe4
15. Bxe4 Qc7 16. Qc2 Bd7 17. Bg5 O-O-O 18. Rad1 Rde8 19. Rfe1 Kb8 20. Qd2 Bxg5
21. Qxd7 Bf6 22. Bxc6 bxc6 23. Rd6 Re7 24. Qxc6 Rhe8 25. Nd2 h5 26. Nb3 c4 27.
Nc5 Qxc6 28. Rxc6 Bg5 29. Ne4 Bf4 30. Rxc4 Rb7 31. b3 Rd7 32. Nc5 Rd5 33. Na6+
Kb7 34. Nb4 Rf5 35. g3 Bd6 36. Rce4 e5 37. Nd3 g5 38. c4 Kc6 39. b4 Kd7 40. c5
Bc7 41. R1e2 Re6 42. Kf1 Ke7 43. Ke1 Kf6 44. f4 Ra6 45. Nxe5 Bxe5 46. Rxe5 gxf4
47. Rxf5+ Kxf5 48. Rf2 1-0

[Event "Turkish Cup 2016"]
[Site "Manavgat TUR"]
[Date "2016.02.02"]
[Round "6.30"]
[White "Gyokbulut, Julia"]
[Black "Rzayev, Askar Aliakbar"]
[Result "0-1"]
[WhiteTitle "WFM"]
[WhiteElo "1976"]
[BlackElo "2082"]
[WhiteTeam "ANKARA"]
[BlackTeam "BURSA"]
[WhiteFideId "4153979"]
[BlackFideId "13405039"]
[EventDate "2016.01.30"]

1. d4 d5 2. c4 e6 3. Nc3 c5 4. cxd5 exd5 5. Nf3 Nc6 6. g3 Nf6 7. Bg2 Be7 8. O-O
O-O 9. b3 Ne4 10. Bb2 Bf6 11. e3 Bg4 12. Ne2 Qd7 13. h4 Qf5 14. Nh2 Bxe2 15.
Qxe2 cxd4 16. Ng4 d3 17. Nxf6+ Qxf6 18. Qxd3 Qxb2 19. Qxd5 Nf6 20. Qb5 Nd8 21.
Rfb1 Qa3 22. b4 a6 23. Qf5 Qc3 24. h5 h6 25. a3 Qc8 26. Qf3 Qe6 27. b5 axb5 28.
Rxb5 Ra7 29. Qf4 Nc6 30. Bf3 Rd8 31. Kg2 Qd6 32. Qh4 Ne5 33. Qf4 Nxf3 34. Qxf3
Qc6 35. Qxc6 bxc6 36. Rc5 Rda8 37. Rxc6 Rxa3 38. Rxa3 Rxa3 39. Rc8+ Kh7 40. Rc7
Nxh5 41. Rxf7 Nf6 42. Kf3 Kg6 43. Rb7 h5 44. Rb2 Ng4 45. Rb6+ Kh7 46. Rb2 Ne5+
47. Kg2 Nd3 48. Rb5 Kh6 49. Rd5 Ne1+ 50. Kf1 Nf3 51. Kg2 Ng5 52. Rd6+ g6 53. Rd2
Ne4 54. Rd4 Nf6 55. Rd2 g5 56. Rd6 Kg7 57. Rd2 g4 58. Re2 Ne4 59. f3 Ng5 60.
fxg4 hxg4 61. e4 Kf6 62. Rf2+ Nf3 63. Rb2 Ke5 64. Kf2 Kxe4 65. Re2+ Kf5 66. Rb2
Rd3 67. Rb5+ Ke4 68. Rb4+ Rd4 69. Rb8 Ne5 70. Ke2 Ra4 71. Rb2 Rc4 72. Ra2 Nf3
73. Kf2 Nd4 74. Ra8 Rc2+ 75. Kf1 Nf5 76. Ra4+ Nd4 77. Ra8 Rb2 78. Ra4 Kf3 79.
Ke1 Nb3 80. Kd1 Kxg3 81. Rc4 Nd2 82. Rd4 Nf3 83. Re4 Rd2+ 84. Kc1 Rd4 85. Re2
Kf4 86. Rg2 g3 0-1

[Event "Turkish Cup 2016"]
[Site "Manavgat TUR"]
[Date "2016.02.02"]
[Round "6.31"]
[White "Unal, Osman"]
[Black "Soyek, Ramazan"]
[Result "0-1"]
[WhiteElo "1795"]
[BlackElo "1982"]
[WhiteTeam "ORDU"]
[BlackTeam "BURDUR"]
[WhiteFideId "6321224"]
[BlackFideId "6314953"]
[EventDate "2016.01.30"]

1. e4 e6 2. c4 d5 3. cxd5 exd5 4. exd5 Nf6 5. Nc3 Nxd5 6. d4 Be7 7. Bc4 Nb6 8.
Bb3 O-O 9. Nf3 Nc6 10. h3 Bf5 11. Be3 Nb4 12. O-O c6 13. Ne5 Bf6 14. Qf3 Bc2 15.
Ne4 Bxb3 16. axb3 N6d5 17. Ng4 Bh4 18. Nh6+ gxh6 19. Bxh6 f5 20. Rfe1 Rf7 21.
Qh5 fxe4 22. Rxe4 Bxf2+ 23. Kh1 Nf6 24. Qg5+ Kh8 25. Qe5 Nd3 26. Qe6 Nxe4 27.
Qxf7 Qf6 28. Qxb7 Rg8 29. Ra6 Qxh6 30. Rxc6 Ng3+ 31. Kh2 Nf1+ 32. Kh1 Qxh3+ 0-1

[Event "Turkish Cup 2016"]
[Site "Manavgat TUR"]
[Date "2016.02.02"]
[Round "6.32"]
[White "Samani, Yamac"]
[Black "Demir, Hilmi Mustafa"]
[Result "1/2-1/2"]
[WhiteElo "2076"]
[BlackElo "1823"]
[WhiteTeam "K.K.T.C."]
[BlackTeam "ANTALYA"]
[WhiteFideId "6352634"]
[BlackFideId "6303099"]
[EventDate "2016.01.30"]

1. e4 e5 2. Nf3 Nc6 3. Bb5 a6 4. Ba4 Nf6 5. O-O Be7 6. Re1 b5 7. Bb3 O-O 8. a4
b4 9. d3 d6 10. a5 Bg4 11. c3 d5 12. exd5 Nxd5 13. h3 Bh5 14. Ba4 Bxf3 15. Qxf3
Nxa5 16. Rxe5 c6 17. Bxc6 Nxc6 18. Rxd5 Qc7 19. Bf4 Qb7 20. Nd2 bxc3 21. bxc3
Qb2 22. Ra4 Qxc3 23. Rc4 Qa1+ 24. Kh2 Rac8 25. Rd7 Ne5 26. Bxe5 Qxe5+ 27. Qg3
Qxg3+ 1/2-1/2

[Event "Turkish Cup 2016"]
[Site "Manavgat TUR"]
[Date "2016.02.02"]
[Round "6.33"]
[White "Pektas, Yigit"]
[Black "Karaoglan, Kivanc"]
[Result "1-0"]
[WhiteElo "1815"]
[BlackElo "1982"]
[WhiteTeam "ANTALYA"]
[BlackTeam "KAHRAMANMARAS"]
[WhiteFideId "6367046"]
[BlackFideId "6329152"]
[EventDate "2016.01.30"]

1. d4 d6 2. Nf3 Nf6 3. c4 g6 4. Nc3 Bg7 5. e4 O-O 6. h3 Na6 7. Bg5 Qe8 8. Be2 e5
9. d5 Nc5 10. Nd2 a5 11. a3 a4 12. O-O h6 13. Be3 Nfd7 14. b4 axb3 15. Nxb3 b6
16. Nb5 Qd8 17. Nxc5 Nxc5 18. Bxc5 bxc5 19. a4 f5 20. f3 f4 21. Kh1 h5 22. Ra3
Bf6 23. Qd3 Bh4 24. Rfa1 g5 25. a5 Ra6 26. Kg1 Bg3 27. Nc3 g4 28. fxg4 hxg4 29.
Bxg4 Bxg4 30. hxg4 Qh4 31. Qf3 Rb8 32. Nb5 Kg7 33. Kf1 Kg6 34. R3a2 Rb7 35. Ke2
Kg5 36. Rf1 Qxg4 37. Rh1 Qxf3+ 38. Kxf3 Bh4 39. Rh3 Be1 40. Ra1 Bd2 41. Rah1
Rxa5 42. Rh6 Ra3+ 43. Nxa3 Rb3+ 44. Ke2 Be3 45. Nc2 Rb2 46. Kf3 1-0

[Event "Turkish Cup 2016"]
[Site "Manavgat TUR"]
[Date "2016.02.02"]
[Round "6.35"]
[White "Eryigit, Yakup"]
[Black "Aksoy, Atilla"]
[Result "1/2-1/2"]
[WhiteElo "1941"]
[BlackElo "1767"]
[WhiteTeam "BURDUR"]
[BlackTeam "CANAKKALE"]
[WhiteFideId "6340660"]
[BlackFideId "6332404"]
[EventDate "2016.01.30"]

1. e4 c6 2. d4 d5 3. Nc3 dxe4 4. Nxe4 g6 5. Bc4 Bg7 6. Ng5 Nh6 7. Ne2 O-O 8. O-O
Nd7 9. Nf3 Nb6 10. Bb3 Bg4 11. Qd3 Nd5 12. h3 Bxf3 13. Qxf3 Nf5 14. c3 a5 15.
Bc2 Nd6 16. Bg5 Qb6 17. b3 Qc7 18. Rad1 b5 19. h4 f6 20. Bc1 e5 21. h5 e4 22.
Bxe4 Nxe4 23. Qxe4 Rae8 24. Qf3 Rf7 25. hxg6 hxg6 26. Nf4 Nxf4 27. Bxf4 Qc8 28.
Rfe1 Rfe7 29. Rxe7 Rxe7 30. Bd6 Re6 31. Bc5 Qe8 32. g3 f5 33. c4 bxc4 34. bxc4
Re4 35. Qc3 f4 36. gxf4 Qe6 37. Kf1 Qg4 38. Rd3 Qe2+ 39. Kg2 Rxf4 40. Rf3 Rxf3
41. Qxf3 Qxc4 42. Qb3 Qd5+ 43. Qxd5+ cxd5 44. a4 Kf7 45. Kf3 Ke6 46. Ke3 Bf6 47.
Bb6 Kd6 48. Bxa5 Kc6 49. Bb4 Kb6 50. Bc3 Ka6 51. Kf4 Kb6 52. Kg4 Ka6 53. f4 Kb6
54. f5 gxf5+ 55. Kxf5 Bxd4 1/2-1/2

[Event "Turkish Cup 2016"]
[Site "Manavgat TUR"]
[Date "2016.02.02"]
[Round "6.36"]
[White "Karaahmetoglu, Ege"]
[Black "Percin, Baris"]
[Result "1/2-1/2"]
[WhiteElo "2017"]
[BlackElo "1799"]
[WhiteTeam "ANKARA"]
[BlackTeam "HATAY"]
[WhiteFideId "6361145"]
[BlackFideId "6345174"]
[EventDate "2016.01.30"]

1. e4 e5 2. Nf3 Nc6 3. Nc3 Nf6 4. g3 Bc5 5. Bg2 d6 6. d3 h6 7. Na4 Bb6 8. Nxb6
axb6 9. c3 d5 10. exd5 Nxd5 11. O-O O-O 12. d4 e4 13. Ne5 Nxe5 14. dxe5 f5 15.
exf6 Nxf6 16. Qxd8 Rxd8 17. Bf4 Bf5 18. Bxc7 Rd2 19. Bxb6 Rxb2 20. Bd4 Rbxa2 21.
Rxa2 Rxa2 22. f3 exf3 23. Bxf3 Ra5 24. Bxb7 Be4 25. Rxf6 Bxb7 26. Rg6 Rg5 27.
Rb6 Bd5 28. Rd6 Bc4 29. Rc6 Bd3 30. Rc8+ Kf7 31. Rc7+ Kg8 32. Kf2 Bf5 33. Kf3
Be6 34. Ke4 Bf7 35. Be5 Rh5 36. g4 Rg5 37. h3 Rg6 38. Rc8+ Kh7 39. Rc7 Be6 40.
c4 h5 41. gxh5 Rg1 42. Bd4 Rg2 43. h4 Rg4+ 44. Ke3 Rg3+ 45. Ke4 Rg4+ 46. Ke3
Rg3+ 47. Kd2 Bf5 48. Be3 Rg2+ 49. Kc3 Rg3 50. Re7 Kg8 51. Re5 Bg4 52. Kd4 Be2
53. c5 Rg4+ 54. Re4 Rxe4+ 55. Kxe4 Bxh5 56. Ke5 Kf7 57. Bg5 Ke8 58. Kd6 Bg4 59.
c6 g6 60. Kc7 Bf3 61. Kb6 Be4 62. Kc7 Bf3 63. Kd6 Bg4 64. Kd5 Bf3+ 65. Kc5 Be4
66. Kd6 Bf5 67. Ke5 Bg4 68. Bf4 Kd8 69. Kf6 Bh5 70. Ke6 Bg4+ 71. Kd6 Kc8 72. Ke7
Bf3 73. Kd6 Be4 74. Be3 Bb1 75. Bf2 Bc2 76. Bg3 Bd3 77. Ke6 Be4 78. c7 Bb1 79.
Kf6 Bc2 80. Kg5 Bb1 1/2-1/2

[Event "Turkish Cup 2016"]
[Site "Manavgat TUR"]
[Date "2016.02.02"]
[Round "6.37"]
[White "Sahin, Huseyin"]
[Black "Aydin, Ersin"]
[Result "0-1"]
[WhiteElo "1811"]
[BlackElo "1943"]
[WhiteTeam "SIIRT"]
[BlackTeam "ANKARA"]
[WhiteFideId "6345255"]
[BlackFideId "6306187"]
[EventDate "2016.01.30"]

1. d4 Nf6 2. c4 g6 3. Nc3 d5 4. Bg5 Ne4 5. Bd2 Nxd2 6. Qxd2 dxc4 7. e3 Bg7 8.
Bxc4 O-O 9. Nge2 c6 10. a4 a5 11. O-O e5 12. Rad1 exd4 13. Nxd4 Qe7 14. Qc2 Nd7
15. Rd2 Ne5 16. Bb3 Ng4 17. Qd3 Qc7 18. g3 Ne5 19. Qc2 Bh3 20. Rc1 Qe7 21. Qe4
Qf6 22. Qf4 Rad8 23. Ne4 Qxf4 24. gxf4 Rxd4 25. exd4 Nf3+ 26. Kh1 Nxd2 27. Nxd2
Bxd4 28. Nc4 Bxf2 29. Nxa5 Rb8 30. Rc3 Bf5 31. Bd1 Be1 32. Rc5 Be4+ 33. Kg1 Bb4
34. Rc4 Rd8 35. Bb3 Bxa5 36. Rxe4 Kf8 37. Bc4 Rd2 38. Re2 Rd4 39. b3 Rxf4 40.
Kg2 Rd4 41. Re5 Bc7 42. Re2 h5 43. Rf2 f5 44. Re2 Rd6 45. h3 Bd8 46. Kg3 Kg7 47.
Re8 g5 48. Re5 Rf6 49. Re8 Rd6 50. Re5 Kf6 51. Re8 b6 52. Rf8+ Kg6 53. Rg8+ Kh7
54. Rf8 Bf6 55. Kf3 Kg7 56. Rg8+ Kh6 57. Rf8 c5 58. Rf7 Kg6 59. Rf8 Rd7 60. Rb8
Bd8 61. Rc8 Rd6 62. Rb8 g4+ 63. hxg4 hxg4+ 64. Kf4 Rd4+ 65. Ke3 f4+ 66. Ke2 f3+
67. Ke3 Bg5+ 68. Kf2 Rd2+ 69. Kf1 g3 70. Rg8+ Kf5 0-1

[Event "Turkish Cup 2016"]
[Site "Manavgat TUR"]
[Date "2016.02.02"]
[Round "6.38"]
[White "Demirag, Batuhan"]
[Black "Yokus, Kadir Geylani"]
[Result "0-1"]
[WhiteElo "1830"]
[BlackElo "1824"]
[WhiteTeam "YALOVA"]
[BlackTeam "BURSA"]
[WhiteFideId "6356133"]
[BlackFideId "6395660"]
[EventDate "2016.01.30"]

1. Nf3 Nf6 2. c4 g6 3. b3 Bg7 4. Bb2 O-O 5. g3 b6 6. Bg2 Bb7 7. O-O c5 8. e3 d6
9. d4 Nbd7 10. d5 Re8 11. Qd3 e5 12. dxe6 fxe6 13. Nbd2 d5 14. Ng5 Qc7 15. f4
Rad8 16. Qc2 e5 17. f5 gxf5 18. Qxf5 Nf8 19. cxd5 Bxd5 20. Nde4 Nxe4 21. Bxe4 h6
22. Bxd5+ Rxd5 23. Qe4 Rd7 24. Qc4+ Kh8 25. Ne4 Ree7 26. Rf5 Rf7 27. Raf1 Rxf5
28. Rxf5 Rd1+ 29. Kf2 Qd7 30. g4 Qd8 31. Bxe5 Bxe5 32. Rxe5 Qh4+ 33. Ng3 Rd2+
34. Kf3 Qxh2 35. Ne2 Qxe5 36. Nf4 Qe7 37. Qc3+ Rd4 38. exd4 Qf6 39. Qe1 Ng6 40.
Qe8+ Nf8 41. Qxf8+ Qxf8 0-1

[Event "Turkish Cup 2016"]
[Site "Manavgat TUR"]
[Date "2016.02.02"]
[Round "6.39"]
[White "Yuksel, Davut Can"]
[Black "Ozveren, Ali Bulent"]
[Result "0-1"]
[WhiteElo "1735"]
[BlackElo "1953"]
[WhiteTeam "SAMSUN"]
[BlackTeam "BOLU"]
[WhiteFideId "6377777"]
[BlackFideId "6303188"]
[EventDate "2016.01.30"]

1. e4 c5 2. Nf3 d6 3. d4 cxd4 4. Nxd4 Nf6 5. Nc3 a6 6. Be3 e5 7. Nf3 Be7 8. Bc4
O-O 9. O-O Nbd7 10. Qe2 b5 11. Bd5 Rb8 12. Ba7 Nxd5 13. Nxd5 Rb7 14. Be3 Nf6 15.
Nxf6+ Bxf6 16. Rfd1 Bg4 17. h3 Bh5 18. Rd5 Qc7 19. Rad1 Be7 20. g4 Bg6 21. Bc1
Rc8 22. Ne1 f6 23. b3 Bf7 24. R5d3 Qa5 25. c3 Rbc7 26. Bb2 Qxa2 27. Ra1 Qxb3 28.
Ra3 Qc4 29. Rxa6 b4 30. Ra4 Qc6 31. Qd1 Bc4 32. Re3 d5 33. exd5 Bxd5 34. cxb4
Bc4 35. Qa1 Bb5 36. Ra7 Bxb4 37. Rxc7 Qxc7 38. Qd1 Qc4 39. Qb3 Rd8 40. Nf3 Rd5
41. Qxc4 Bxc4 42. Ba3 Ba5 43. g5 Rd1+ 44. Kg2 Bd5 45. gxf6 gxf6 46. Be7 Kf7 47.
Bc5 Rc1 48. Ba3 Rc8 49. h4 Bb6 50. Rd3 Ke6 51. Kh2 e4 52. Nd4+ Ke5 53. f4+ exf3
54. Nxf3+ Ke4 55. Rd1 Rc2+ 56. Kg3 Bf2+ 57. Kg4 Be6+ 58. Kh5 Kxf3 59. Rd6 Rc4
60. Kh6 Rxh4+ 61. Kg7 Bc4 62. Rxf6+ Kg2 63. Kf8 Bd3 64. Be7 Rg4 65. Rh6 Bg6 66.
Bf6 Be3 67. Rh4 Rxh4 68. Bxh4 Bd4 0-1

[Event "Turkish Cup 2016"]
[Site "Manavgat TUR"]
[Date "2016.02.02"]
[Round "6.40"]
[White "Taskaya, Muhammed"]
[Black "Isik, Esref"]
[Result "1/2-1/2"]
[WhiteElo "1911"]
[BlackElo "1739"]
[WhiteTeam "KARAMAN"]
[BlackTeam "ELAZIG"]
[WhiteFideId "6363865"]
[BlackFideId "34519971"]
[EventDate "2016.01.30"]

1. e4 c5 2. d4 cxd4 3. c3 dxc3 4. Nxc3 Nc6 5. Bc4 e6 6. Nf3 d6 7. O-O Be7 8. Qe2
e5 9. Rd1 Nf6 10. Bg5 O-O 11. h3 a6 12. Rac1 b5 13. Bb3 Bb7 14. Nd5 Nxd5 15.
Bxd5 Bxg5 16. Nxg5 Qxg5 17. Bxc6 Rac8 18. Bxb7 Rxc1 19. Bxa6 b4 20. Bc4 Rc8 21.
b3 Ra8 22. g3 Rxa2 23. Qxa2 Rxd1+ 24. Kg2 g6 25. Qa8+ Kg7 26. Qb7 Qf6 27. Qxb4
h5 28. h4 Qe7 29. Qc3 Qa7 30. Qf3 Rc1 31. Bd5 f6 32. Bc4 Qa5 33. Bf1 Qa1 34. Qd3
Rd1 35. Qc4 Qa7 36. b4 Rd4 37. Qc3 Rxe4 38. b5 Qc5 39. Qa5 Rb4 40. Qd8 Qd5+ 41.
Kg1 1/2-1/2

[Event "Turkish Cup 2016"]
[Site "Manavgat TUR"]
[Date "2016.02.02"]
[Round "6.42"]
[White "Tuncer, Tuna"]
[Black "Erece, Ece Alkim"]
[Result "1-0"]
[WhiteTitle "FM"]
[BlackTitle "WCM"]
[WhiteElo "2353"]
[BlackElo "1723"]
[WhiteTeam "ISTANBUL"]
[BlackTeam "BURSA"]
[WhiteFideId "6349269"]
[BlackFideId "6346006"]
[EventDate "2016.01.30"]

1. e4 e5 2. Nf3 Nc6 3. Bb5 a6 4. Ba4 Nge7 5. c3 g6 6. d4 exd4 7. cxd4 b5 8. Bc2
Bg7 9. d5 Ne5 10. Nxe5 Bxe5 11. Nc3 Bg7 12. Bg5 d6 13. Qd2 O-O 14. Bh6 Bd7 15.
h4 f6 16. O-O-O Rc8 17. Kb1 a5 18. Bxg7 Kxg7 19. h5 g5 20. f4 Ng8 21. e5 fxe5
22. fxg5 Rf4 23. Ne2 Rf2 24. Rhf1 Qf8 25. Rxf2 Qxf2 26. Qd3 Bg4 27. Qxh7+ Kf8
28. h6 Nxh6 29. gxh6 1-0

[Event "Turkish Cup 2016"]
[Site "Manavgat TUR"]
[Date "2016.02.02"]
[Round "6.43"]
[White "Erdogan, Hakan"]
[Black "Degirmenci, Yagiz"]
[Result "1/2-1/2"]
[WhiteTitle "FM"]
[WhiteElo "2170"]
[BlackElo "1809"]
[WhiteTeam "ISTANBUL"]
[BlackTeam "SIIRT"]
[WhiteFideId "6300359"]
[BlackFideId "6352375"]
[EventDate "2016.01.30"]

1. d4 d5 2. c4 e6 3. Nc3 Nf6 4. Bg5 Be7 5. Nf3 Ne4 6. Bxe7 Qxe7 7. cxd5 Nxc3 8.
bxc3 exd5 9. e3 c6 10. Bd3 Bg4 11. Qb3 Bxf3 12. gxf3 O-O 13. O-O b6 14. c4 Rd8
15. f4 Rd6 16. Kh1 Qh4 17. f3 Nd7 18. Qc2 Re8 19. Rae1 Nf6 20. Qd2 Nh5 21. Rg1
Rh6 22. Rg4 Qf6 23. cxd5 cxd5 24. Rg5 g6 25. Bb5 Rd8 26. Rc1 Ng7 27. Rc6 Ne6 28.
Ba6 Qe7 29. Rg2 Ng7 30. Bd3 Rh5 31. Qc1 Nf5 32. Rc8 Kg7 33. Bxf5 Rxf5 34. Rxd8
Qxd8 35. Rc2 Qh4 36. Qf1 Rf6 37. Rc7 Re6 38. Rc3 Qe7 39. Qc1 Qe8 1/2-1/2

[Event "Turkish Cup 2016"]
[Site "Manavgat TUR"]
[Date "2016.02.02"]
[Round "6.44"]
[White "Senturk, Onur"]
[Black "Gulden, Egemen"]
[Result "0-1"]
[WhiteElo "1809"]
[BlackElo "2229"]
[WhiteTeam "BURDUR"]
[BlackTeam "IZMIR"]
[WhiteFideId "6383572"]
[BlackFideId "6324983"]
[EventDate "2016.01.30"]

1. e4 b6 2. d4 Bb7 3. Bd3 e6 4. c4 Nf6 5. Nc3 Bb4 6. Qc2 d5 7. Qa4+ Nc6 8. cxd5
exd5 9. e5 Ne4 10. Ne2 Qd7 11. O-O Bxc3 12. Nxc3 Nxc3 13. bxc3 Nxe5 14. Qxd7+
Nxd7 15. Re1+ Kd8 16. Ba3 c5 17. Bf5 Rc8 18. Re3 Rc7 19. Rae1 Nf6 20. h4 g6 21.
Bc2 Re8 22. Rxe8+ Nxe8 23. dxc5 bxc5 24. Rb1 Nd6 25. Ba4 Ne4 26. Re1 Re7 27. Bc2
Nxc3 28. Rxe7 Kxe7 29. Bxc5+ Ke6 30. Bxa7 Nxa2 31. Bd4 Ba6 32. f3 Nb4 33. Ba4
Nd3 34. Bc2 Ne5 35. Ba4 Nc4 36. Kf2 Nd6 37. g4 Bb5 38. Bc2 Nb7 39. h5 Na5 40.
hxg6 hxg6 41. f4 Nc6 42. f5+ gxf5 43. gxf5+ Kd6 44. Ke3 Ne5 45. Ba7 Nc6 46. Bd4
Bf1 47. Ba4 Ne5 48. Bc2 Bg2 49. Kf4 Nc6 50. Ke3 Nb4 51. Bb1 Bf1 52. Bc3 Nc6 53.
Bd4 Bc4 54. Bc2 Nb4 55. Ba4 Ba2 56. Bc3 Na6 57. Be8 Ke7 58. Bb5 Nc7 59. Bd3 Kd6
60. Kd4 Bb3 61. Bb4+ Kc6 62. Bf8 Ne8 63. Ke5 Bc4 64. Bc2 Kb5 65. Kd4 Nf6 66. Ba3
Nd7 67. Be7 Nb8 68. Bf6 Nc6+ 69. Kc3 Kc5 70. Ba4 d4+ 71. Kd2 Na5 72. Be7+ Kd5
73. Bd8 Nb7 74. Bb6 Nd6 75. Bc2 Ba2 76. Bd3 Bb3 77. Bc7 Ne8 78. Bd8 Bc4 79. Bb6
Nf6 80. Bd8 Nd7 81. Bb1 Ne5 82. Bc7 Nf3+ 83. Kd1 d3 84. Ba5 Ke5 85. f6 Kxf6 86.
Bc7 Bb3+ 0-1

[Event "Turkish Cup 2016"]
[Site "Manavgat TUR"]
[Date "2016.02.02"]
[Round "6.45"]
[White "Yaran, Siar"]
[Black "Akyuz, Murat"]
[Result "1/2-1/2"]
[WhiteTitle "CM"]
[WhiteElo "2195"]
[BlackElo "1874"]
[WhiteTeam "KAHRAMANMARAS"]
[BlackTeam "DIYARBAKIR"]
[WhiteFideId "6323006"]
[BlackFideId "6366279"]
[EventDate "2016.01.30"]

1. c4 Nf6 2. Nc3 e5 3. Nf3 d6 4. d4 exd4 5. Nxd4 Nc6 6. g3 g6 7. Bg2 Nxd4 8.
Qxd4 Bg7 9. b3 O-O 10. Bb2 Ng4 11. Qd2 c6 12. h3 Nf6 13. Rd1 Ne8 14. O-O Qa5 15.
Ne4 Qxa2 16. Bxg7 Qxd2 17. Rxd2 Kxg7 18. Nxd6 Nxd6 19. Rxd6 a5 20. Ra1 Be6 21.
Rd2 Ra7 22. Rda2 Rfa8 23. f4 a4 24. Rxa4 Rxa4 25. Rxa4 Rxa4 26. bxa4 Bxc4 27.
Kf2 Kf6 28. Ke3 1/2-1/2

[Event "Turkish Cup 2016"]
[Site "Manavgat TUR"]
[Date "2016.02.02"]
[Round "6.46"]
[White "Karagollu, Ahmet"]
[Black "Baylav, Can"]
[Result "1/2-1/2"]
[WhiteElo "2113"]
[BlackElo "1805"]
[WhiteTeam "IZMIR"]
[BlackTeam "KOCAELI"]
[WhiteFideId "6307825"]
[BlackFideId "6361293"]
[EventDate "2016.01.30"]

1. e4 c5 2. Nf3 d6 3. c3 Nf6 4. Be2 g6 5. O-O Bg7 6. Re1 O-O 7. Bf1 Nc6 8. h3 e5
9. d3 h6 10. a3 d5 11. Nbd2 Be6 12. Qc2 Rc8 13. a4 Qc7 14. exd5 Nxd5 15. Nc4
Nde7 16. b3 Rfd8 17. Bb2 Bxc4 18. bxc4 Qd7 19. a5 g5 20. a6 b6 21. g3 Ng6 22.
Rad1 Qf5 23. Qe2 Nb8 24. Nh2 Qd7 25. Ng4 Nxa6 26. Ne3 Ne7 27. Qh5 Nb8 28. Ng4
Qd6 29. d4 exd4 30. cxd4 Qg6 31. Qxg6 Nxg6 32. Ne5 cxd4 33. Nxg6 fxg6 34. Re7
Nc6 35. Rb7 Rb8 36. Rc7 Rbc8 37. Rxc8 Rxc8 38. Bg2 a5 39. Bd5+ Kh7 40. Ba3 Ne5
41. Rb1 Nxc4 42. Bxc4 Rxc4 43. Rxb6 d3 44. Kf1 Re4 45. Bc1 Rb4 46. Rc6 Rb1 47.
Kg2 a4 48. Be3 a3 49. Ra6 Bf8 50. Kf3 Rb2 51. Ra8 Bb4 52. Bd4 g4+ 53. Kxg4 h5+
54. Kf4 g5+ 55. Kf5 Bf8 56. Rxf8 Rb5+ 57. Ke6 d2 58. Rh8+ Kg6 59. Rg8+ Kh7 60.
Rh8+ Kg6 61. Rg8+ Kh7 1/2-1/2

[Event "Turkish Cup 2016"]
[Site "Manavgat TUR"]
[Date "2016.02.02"]
[Round "6.48"]
[White "Sari, Yasin"]
[Black "Bayyurt, Izge"]
[Result "1-0"]
[WhiteElo "2088"]
[BlackElo "1719"]
[WhiteTeam "ANTALYA"]
[BlackTeam "CANAKKALE"]
[WhiteFideId "6320902"]
[BlackFideId "6323154"]
[EventDate "2016.01.30"]

1. e4 d5 2. exd5 Nf6 3. Bb5+ Bd7 4. Be2 Nxd5 5. d4 e6 6. Nf3 Bb4+ 7. c3 Bd6 8.
O-O O-O 9. Re1 c5 10. c4 Nf6 11. Nc3 cxd4 12. Nxd4 Bc5 13. Nb3 Bb4 14. Qc2 Qc7
15. Be3 b6 16. Red1 e5 17. Rac1 a6 18. c5 bxc5 19. a3 c4 20. axb4 cxb3 21. Qxb3
Be6 22. Qa3 Qb7 23. Rd6 Nc6 24. Na4 Bd5 25. Nb6 Rad8 26. Bxa6 Qb8 27. Rdxc6 Bxc6
28. Rxc6 Rd1+ 29. Bf1 Nd5 30. Qb3 Nxe3 31. Qxe3 Rfd8 32. g3 Qb7 33. b5 Qa7 34.
Qa3 Qb7 35. Kg2 f6 36. Qa6 Qe7 37. Rc8 Qb4 38. Bc4+ Kh8 39. Qa8 1-0

[Event "Turkish Cup 2016"]
[Site "Manavgat TUR"]
[Date "2016.02.03"]
[Round "7.1"]
[White "Arat, Ufuk Sezen"]
[Black "Yilmazyerli, Mert"]
[Result "0-1"]
[WhiteTitle "IM"]
[BlackTitle "IM"]
[WhiteElo "2421"]
[BlackElo "2438"]
[WhiteTeam "ISTANBUL"]
[BlackTeam "KAYSERI"]
[WhiteFideId "6309089"]
[BlackFideId "6305962"]
[EventDate "2016.01.30"]

1. d4 g6 2. c4 Bg7 3. e4 d6 4. Ne2 Nf6 5. Nec3 O-O 6. Be2 Nc6 7. d5 Ne5 8. O-O
e6 9. f4 Ned7 10. Be3 exd5 11. cxd5 Re8 12. Bf3 Nxe4 13. Nxe4 f5 14. Ng5 Rxe3
15. Qd2 Rxf3 16. Nxf3 Nc5 17. Nc3 Bd7 18. Rfe1 Qf6 19. Rad1 b5 20. Nd4 b4 21.
Ncb5 Ne4 22. Qxb4 Rb8 23. Qc4 Bxb5 24. Nxb5 Qxb2 25. a4 Qf2+ 26. Kh1 Qxf4 27.
Qf1 Qh4 28. Kg1 Be5 29. g3 Qg4 30. Rd3 a6 31. Nxc7 Rb2 32. Rb1 Nxg3 33. Rxg3
Bd4+ 0-1

[Event "Turkish Cup 2016"]
[Site "Manavgat TUR"]
[Date "2016.02.03"]
[Round "7.2"]
[White "Firat, Burak"]
[Black "Gokerkan, Cem Kaan"]
[Result "1/2-1/2"]
[WhiteTitle "IM"]
[WhiteElo "2452"]
[BlackElo "2220"]
[WhiteTeam "ISTANBUL"]
[BlackTeam "ISTANBUL"]
[WhiteFideId "6305881"]
[BlackFideId "6336760"]
[EventDate "2016.01.30"]

1. e4 c5 2. Nc3 d6 3. f4 g6 4. Nf3 Bg7 5. Bb5+ Bd7 6. Bc4 e6 7. d4 cxd4 8. Nxd4
a6 9. O-O Nc6 10. Nxc6 Qb6+ 11. Kh1 Qxc6 12. Bb3 Ne7 13. Bd2 O-O 14. Qe1 Rae8
15. a4 f5 16. a5 fxe4 17. Ba4 Qc8 18. Bxd7 Qxd7 19. Qxe4 d5 20. Qd3 Nc6 21. Na4
Qd6 22. Nb6 Rd8 23. Rab1 Rf5 24. b4 e5 25. fxe5 Nxe5 26. Qg3 Nc4 27. Qxd6 Rxd6
28. Nxc4 Rxf1+ 29. Rxf1 dxc4 30. Bf4 Re6 31. h4 Bc3 32. Bg3 Bxb4 33. Rb1 Bxa5
34. Rxb7 Be1 35. Kh2 Bxg3+ 36. Kxg3 Re2 37. Ra7 Rxc2 38. Rxa6 c3 39. Rc6 Rc1 40.
Kg4 Kg7 41. Rc7+ Kf6 42. Rxh7 Rg1 43. Rc7 Rxg2+ 44. Kf3 Rh2 45. Kg3 Rc2 46. Kf4
Rc1 47. Rc6+ Ke7 48. Ke3 Rh1 49. Rxc3 Rh3+ 50. Kd4 Rxc3 51. Kxc3 Kf6 52. Kd3 Kf5
53. h5 1/2-1/2